| 000 | 01026nam a2200241 a 4500 | ||
|---|---|---|---|
| 001 | BRCA_4781 | ||
| 005 | 20190320204813.0 | ||
| 008 | 081010c1964----ag-af#####---#000-0#spa-# | ||
| 041 | _aspa | ||
| 044 | _aag | ||
| 050 | 4 |
_aND553 _b.P56 _c1964 |
|
| 245 | 1 | 0 |
_aEduardo Manet _cmonografía por Darío Durbe ; traducción por Jesús López Pacheco ; el juicio del siglo XX, por Julio E. Payró. |
| 260 |
_aArgentina _bCodex _cc1964 |
||
| 300 |
_a1 v. (sin paginación) _bil., 16 láminas a color _c36 cm. |
||
| 440 | 0 |
_aPinacoteca de los genios : la más grandiosa colección de arte del mundo _v34 _912086 |
|
| 500 | _aIncluye índice de ilustraciones, lista de distribuidores, agentes de suscripciones de pinacoteca de los genios y sus respectivos precios de venta al público | ||
| 500 | _a2do. ejemplar en el Área de Investigación | ||
| 600 | 1 | 4 |
_aManet, Eduardo _d1832-1883 _912087 |
| 700 | 1 |
_aDurbe, Darío _912088 |
|
| 700 | 1 |
_aPayró, Julio E. _912065 |
|
| 700 | 1 |
_aLópez Pacheco, Jesús _etr. _912089 |
|
| 942 |
_2lcc _cB |
||
| 999 |
_c4478 _d4478 |
||